[Event "FIDE World Ch (w)"]
[Site "Ekaterinburg URS"]
[Date "2006.03.12"]
[Round "1.2"]
[White "Kononenko, Tatiana"]
[Black "Radziewicz, Iweta"]
[Result "0-1"]
[WhiteElo "2417"]
[BlackElo "2421"]
[EventDate "2006.03.11"]
[PlyCount "110"]

1.d4 c5 2.d5 g6 3.e4 Bg7 4.c4 d6 5.Nc3 e6 6.Bd3 Ne7 7.h4 exd5 8.cxd5 a6 9.
a4 Nd7 10.h5 Ne5 11.Be2 f5 12.Nh3 O-O 13.hxg6 N7xg6 14.Ng5 fxe4 15.Nxh7 
Bf5 16.Nxf8 Qxf8 17.Be3 Nd3+ 18.Bxd3 exd3 19.Qh5 Ne5 20.Bh6 d2+ 21.Kf1 Ng4
22.Ne4 Nxh6 23.Nxd2 Re8 24.Qg5 Ng4 25.Nf3 Qe7 26.Qd2 Qf6 27.Re1 Rf8 28.b3 
b5 29.axb5 axb5 30.Rh5 c4 31.bxc4 bxc4 32.Kg1 c3 33.Qf4 c2 34.Rg5 Bd7 35.
Qd4 Ne5 36.Rxg7+ Qxg7 37.Nxe5 dxe5 38.Qd2 Rc8 39.Rc1 Bh3 40.f3 Bf5 41.d6 
Kh7 42.g4 Bxg4 43.fxg4 Qxg4+ 44.Kh1 Qf3+ 45.Qg2 Qd1+ 46.Qg1 Qxd6 47.Qh2+ 
Qh6 48.Qxh6+ Kxh6 49.Kg2 Rc3 50.Kf2 e4 51.Ke2 e3 52.Kf3 Kg5 53.Ke2 Kf4 54.
Kf1 Kf3 55.Ke1 Rb3 0-1

[Event "FIDE World Ch (w)"]
[Site "Ekaterinburg URS"]
[Date "2006.03.12"]
[Round "1.2"]
[White "Zielinska, Marta"]
[Black "Arakhamia-Grant, Ketevan"]
[Result "1/2-1/2"]
[WhiteElo "2398"]
[BlackElo "2426"]
[EventDate "2006.03.11"]
[PlyCount "167"]

1.e4 c5 2.b3 Nc6 3.Bb2 e5 4.Bc4 d6 5.Nc3 Nf6 6.d3 Be7 7.Nge2 O-O 8.O-O a6 
9.a4 Rb8 10.f4 Ng4 11.Qd2 exf4 12.Nxf4 Bf6 13.Nd1 Bxb2 14.Nxb2 b5 15.Bd5 
Nb4 16.axb5 axb5 17.Nd1 Qf6 18.Ra5 Qh6 19.h3 Nxd5 20.exd5 Nf6 21.c4 bxc4 
22.bxc4 Qg5 23.Qf2 Re8 24.Nc3 Qe5 25.Nfe2 Qe3 26.Qxe3 Rxe3 27.Kf2 Re8 28.
Nb5 Rb6 29.Nec3 Rd8 30.Rfa1 Kf8 31.Ra8 Ke7 32.R1a7+ Bd7 33.Rxd8 Kxd8 34.
Na4 Rxb5 35.cxb5 Bxb5 36.Nc3 Bxd3 37.Rxf7 Ne8 38.g4 Bg6 39.Ra7 Nc7 40.h4 
h5 41.Kg3 hxg4 42.Kxg4 Bd3 43.Kf4 Bc4 44.Ke4 Bf1 45.Ra2 Ke7 46.Rc2 Ne8 47.
Rd2 Nf6+ 48.Kf5 Kf7 49.Ra2 Bd3+ 50.Kf4 Bc4 51.Rd2 Kg6 52.Rg2+ Kf7 53.Rg5 
g6 54.Ke3 Bf1 55.Kd2 Bh3 56.Rg1 Bf5 57.Ke3 Bc2 58.Ra1 Bb3 59.Ra7+ Kf8 60.
Kf4 Nxd5+ 61.Nxd5 Bxd5 62.Rd7 Bg2 63.Rxd6 Kf7 64.Ke5 Kg7 65.Rd3 Kh6 66.Rd8
c4 67.Kf6 Kh7 68.Rd7+ Kh6 69.Rd8 Kh7 70.Kg5 Be4 71.Rd7+ Kg8 72.Kf6 c3 73.
Rc7 c2 74.Ke5 Bd3 75.Kf6 Be4 76.Ke5 Bd3 77.Kd4 Bf5 78.Ke3 Kf8 79.Kf4 Bd3 
80.Ke5 Kg8 81.Kf4 Kf8 82.Rc5 Ke7 83.Ke3 Bf5 84.Kf4 1/2-1/2

[Event "FIDE World Ch (w)"]
[Site "Ekaterinburg URS"]
[Date "2006.03.12"]
[Round "1.2"]
[White "Danielian, Elina"]
[Black "Foisor, Cristina"]
[Result "1/2-1/2"]
[WhiteElo "2423"]
[BlackElo "2402"]
[EventDate "2006.03.11"]
[PlyCount "91"]

1.d4 Nf6 2.Nf3 g6 3.c4 Bg7 4.g3 O-O 5.Bg2 c6 6.O-O d5 7.Qb3 Qb6 8.Nc3 dxc4
9.Qxc4 Be6 10.Qa4 Bd5 11.Rd1 Nbd7 12.Qc2 Bxf3 13.Bxf3 Rac8 14.e4 e5 15.
dxe5 Nxe5 16.Bg2 Rfe8 17.Be3 Qa5 18.h3 b5 19.b3 Ned7 20.Rac1 Nf8 21.Bc5 
N6d7 22.Be3 Nb6 23.Ne2 Ne6 24.Bd2 Qa3 25.Bc3 Bxc3 26.Nxc3 b4 27.Ne2 c5 28.
Qb1 c4 29.bxc4 Rxc4 30.Rxc4 Nxc4 31.Nd4 a5 32.Nxe6 Rxe6 33.Rd8+ Kg7 34.Qb3
Qxb3 35.axb3 Rd6 36.Ra8 Rd1+ 37.Kh2 Nd2 38.Rxa5 Nxb3 39.Rb5 Rd4 40.e5 Nd2 
41.Rb7 Kf8 42.Bc6 g5 43.Rb8+ Kg7 44.Rb7 Kf8 45.Rb8+ Kg7 46.Rb7 1/2-1/2

[Event "FIDE World Ch (w)"]
[Site "Ekaterinburg URS"]
[Date "2006.03.12"]
[Round "1.2"]
[White "Vasilevich, Irina"]
[Black "Matveeva, Svetlana"]
[Result "0-1"]
[WhiteElo "2394"]
[BlackElo "2428"]
[EventDate "2006.03.11"]
[PlyCount "156"]

1.c4 e6 2.g3 d5 3.Bg2 dxc4 4.Qa4+ Nd7 5.Qxc4 a6 6.Qc2 c5 7.a4 Ngf6 8.Nf3 
Nd5 9.d3 b6 10.O-O Bb7 11.Bd2 Be7 12.Na3 O-O 13.Rfd1 Nb4 14.Qb1 Bd5 15.Nc4
Rc8 16.Bc3 Qc7 17.b3 a5 18.Ne3 Bf6 19.Bxf6 Nxf6 20.Qb2 Rfd8 21.Rac1 Qb8 
22.Nxd5 Nfxd5 23.Rc4 Nf6 24.Ne5 Nd7 25.Ng4 f5 26.Ne3 Ne5 27.Rcc1 Rd4 28.f4
Nf7 29.Rf1 Rcd8 30.Rc4 Qd6 31.Rfc1 Qe7 32.Rxd4 Rxd4 33.Rc4 Rd8 34.Nf1 e5 
35.Ne3 g6 36.Kf2 exf4 37.gxf4 Qh4+ 38.Kg1 Qe1+ 39.Nf1 Re8 40.Bf3 Qh4 41.
Qd2 Qf6 42.Rc1 Nd8 43.Kh1 Ne6 44.e3 Rd8 45.Rc3 Rd7 46.Ng3 Qd8 47.Qg2 Rxd3 
48.Rxd3 Qxd3 49.Be2 Qxb3 50.Qa8+ Nf8 51.Qe8 Qe6 52.Qb5 Qc6+ 53.Qxc6 Nxc6 
54.Bc4+ Kg7 55.e4 Nd4 56.exf5 gxf5 57.Kg2 Ng6 58.Nh5+ Kh6 59.Nf6 Nxf4+ 60.
Kf2 Nh3+ 61.Kg3 Ng5 62.Nd7 Nge6 63.Nxb6 Kg5 64.Bd5 f4+ 65.Kf2 Kf5 66.Nc4 
Ng5 67.Nxa5 Ne4+ 68.Kf1 Nc3 69.Bg8 h6 70.Bh7+ Kg5 71.Nb7 Nxa4 72.Nd6 Nc3 
73.Bd3 f3 74.Nf7+ Kf4 75.Nxh6 Nd1 76.Nf7 c4 77.Bb1 c3 78.Ke1 f2+ 0-1

[Event "FIDE World Ch (w)"]
[Site "Ekaterinburg URS"]
[Date "2006.03.12"]
[Round "1.2"]
[White "Javakhishvili, Lela"]
[Black "Turova, Irina"]
[Result "1-0"]
[WhiteElo "2444"]
[BlackElo "2379"]
[EventDate "2006.03.11"]
[PlyCount "81"]

1.d4 Nf6 2.c4 e6 3.Nf3 Bb4+ 4.Nbd2 O-O 5.a3 Be7 6.e4 d5 7.e5 Nfd7 8.b4 a5 
9.b5 c5 10.Bb2 Re8 11.Qc2 b6 12.Be2 Bb7 13.Rd1 Nf8 14.O-O Nbd7 15.dxc5 
bxc5 16.Ne1 a4 17.f4 d4 18.Ne4 Ng6 19.Bc1 Qc7 20.Bd3 Rf8 21.Nf3 h6 22.Rde1
Rfe8 23.Qf2 Qd8 24.Re2 Ra7 25.Qg3 Ndf8 26.Bd2 Nd7 27.Be1 Nb6 28.Ned2 Nf8 
29.Qg4 Ba8 30.Ne4 Bxe4 31.Rxe4 f5 32.exf6 Bxf6 33.Bd2 Nc8 34.Ne5 Ne7 35.
Ree1 Qc8 36.Qh5 Nf5 37.Ng4 Rf7 38.Rf3 Bh4 39.Re2 Qd8 40.Ne5 Rc7 41.Ba5 1-0

[Event "FIDE World Ch (w)"]
[Site "Ekaterinburg URS"]
[Date "2006.03.12"]
[Round "1.2"]
[White "Dzagnidze, Nana"]
[Black "Ovod, Evgenia"]
[Result "0-1"]
[WhiteElo "2452"]
[BlackElo "2366"]
[EventDate "2006.03.11"]
[PlyCount "72"]

1.d4 d6 2.Nf3 f5 3.Nc3 Nf6 4.Bg5 Nbd7 5.e3 e5 6.e4 f4 7.Bc4 c6 8.a4 h6 9.
Bxf6 Qxf6 10.a5 g5 11.h3 exd4 12.Nxd4 Ne5 13.Be2 Bg7 14.Bh5+ Ke7 15.a6 Rd8
16.axb7 Bxb7 17.Nf5+ Kf8 18.Nxg7 Kxg7 19.O-O a5 20.Re1 Ba6 21.b3 Rf8 22.
Bf3 Bc8 23.Ra4 h5 24.Bxh5 g4 25.hxg4 f3 26.g3 Rh8 27.Rd4 Bxg4 28.Bxg4 Nxg4
29.Rxd6 Qxc3 30.Rd7+ Kg6 31.Rd6+ Kf7 32.Qa1 Qxa1 33.Rxa1 Rh2 34.Rxc6 Rah8 
35.Rc7+ Ke6 36.Rc6+ Kd7 0-1

[Event "FIDE World Ch (w)"]
[Site "Ekaterinburg URS"]
[Date "2006.03.12"]
[Round "1.2"]
[White "Houska, Jovanka"]
[Black "Skripchenko, Almira"]
[Result "1/2-1/2"]
[WhiteElo "2355"]
[BlackElo "2461"]
[EventDate "2006.03.11"]
[PlyCount "109"]

1.e4 g6 2.d4 Bg7 3.Nc3 d6 4.Be3 a6 5.f4 b5 6.Be2 Bb7 7.Bf3 b4 8.Na4 Nd7 9.
Ne2 Ngf6 10.e5 Nd5 11.Bf2 e6 12.c4 bxc3 13.bxc3 dxe5 14.dxe5 Qe7 15.O-O 
Bc6 16.a3 Bb5 17.Nb2 Bxe2 18.Qxe2 Nxf4 19.Qd2 Rb8 20.Bc6 Nd5 21.c4 O-O 22.
cxd5 Nxe5 23.Nd3 Nxc6 24.dxc6 Bxa1 25.Rxa1 Rfd8 26.Qc3 Qd6 27.Ne5 Rb5 28.
Nd7 e5 29.Rf1 Rxd7 30.cxd7 Qxd7 31.Rc1 Rd5 32.h3 Rd1+ 33.Rxd1 Qxd1+ 34.Kh2
Qd6 35.Bc5 Qf6 36.Be3 Qe7 37.Bc5 Qe8 38.Bf2 Qe7 39.Bg3 f6 40.Qc4+ Kg7 41.
Qxa6 g5 42.Qa5 Kg6 43.Qc3 Qd7 44.Qc2+ Kg7 45.a4 h5 46.h4 gxh4 47.Bxh4 Qd4 
48.Bf2 Qf4+ 49.Bg3 Qg4 50.Qxc7+ Kg6 51.Qc2+ Kg5 52.Qc1+ Kg6 53.Qc2+ Kg5 
54.Qc1+ Kg6 55.Qc2+ 1/2-1/2

[Event "FIDE World Ch (w)"]
[Site "Ekaterinburg URS"]
[Date "2006.03.12"]
[Round "1.2"]
[White "Ruan Lufei"]
[Black "Mkrtchian, Lilit"]
[Result "1/2-1/2"]
[WhiteElo "2361"]
[BlackElo "2453"]
[EventDate "2006.03.11"]
[PlyCount "166"]

1.e4 e6 2.d4 d5 3.Nc3 Bb4 4.e5 Ne7 5.a3 Bxc3+ 6.bxc3 c5 7.Qg4 O-O 8.Bd3 
Nbc6 9.Qh5 Ng6 10.Nf3 Qc7 11.Be3 c4 12.Bxg6 fxg6 13.Qg4 Qf7 14.Ng5 Qe8 15.
h4 Bd7 16.Qe2 b5 17.h5 h6 18.Nh3 gxh5 19.Nf4 Rxf4 20.Bxf4 Qf7 21.Be3 Be8 
22.g4 hxg4 23.Qxg4 Qg6 24.Qe2 Ne7 25.Kd2 Qf5 26.Rag1 Bg6 27.Qd1 a5 28.Rh4 
Qf7 29.Qb1 Rb8 30.Rhg4 Kh7 31.R1g2 Qe8 32.Ke1 Qc8 33.Bd2 b4 34.Bc1 bxc3 
35.Qa1 a4 36.Qxc3 Rb1 37.Kd2 Qf8 38.f3 Qf5 39.Rg1 Qh5 40.Qe3 Qf5 41.Qc3 
Qf7 42.Ke2 Qf5 43.R4g2 Rb8 44.Bd2 Rg8 45.Kd1 Bh5 46.Rg3 Qf7 47.Rh3 Nf5 48.
Qb2 Bg6 49.Qb6 c3 50.Bxc3 Ne3+ 51.Ke2 Nc4 52.Qb1 Nxa3 53.Qc1 Nb5 54.Bd2 
Nxd4+ 55.Kf2 Nf5 56.Rgh1 h5 57.Qa3 Qa7+ 58.Kg2 Rc8 59.c3 Qa6 60.Re1 Qd3 
61.Qa2 a3 62.f4 Qa6 63.c4 dxc4 64.Qxa3 Qc6+ 65.Kh2 Qd5 66.Bc3 Ra8 67.Qb2 
Nh6 68.Qg2 Qxg2+ 69.Kxg2 Ra2+ 70.Kg1 Ra3 71.Ra1 Rb3 72.Rc1 Nf5 73.Rh2 Ng3 
74.Be1 Ne4 75.Rxc4 Rb1 76.Rxe4 Bxe4 77.Rxh5+ Kg6 78.Rg5+ Kf7 79.Kf2 Bf5 
80.Rg1 Rb2+ 81.Ke3 Rb3+ 82.Kf2 Rd3 83.Ke2 Rb3 1/2-1/2

[Event "FIDE World Ch (w)"]
[Site "Ekaterinburg URS"]
[Date "2006.03.12"]
[Round "1.2"]
[White "Purtseladze, Maka"]
[Black "Galliamova, Alisa"]
[Result "1/2-1/2"]
[WhiteElo "2341"]
[BlackElo "2467"]
[EventDate "2006.03.11"]
[PlyCount "132"]

1.d4 d5 2.c4 c6 3.Nf3 Nf6 4.e3 Bf5 5.Nc3 e6 6.Nh4 Bg6 7.Nxg6 hxg6 8.Bd2 
Nbd7 9.Rc1 Bd6 10.Bd3 dxc4 11.Bxc4 O-O 12.O-O c5 13.dxc5 Nxc5 14.Be1 Rc8 
15.Qe2 a6 16.a3 b5 17.Ba2 Nd3 18.Rd1 Nxe1 19.Rfxe1 Qc7 20.g3 Bxa3 21.Nxb5 
axb5 22.bxa3 Qa5 23.e4 Qxa3 24.e5 Nh7 25.Rb1 Rc5 26.h4 Rfc8 27.Bb3 b4 28.
Qa2 Nf8 29.Kg2 Qxa2 30.Bxa2 Rb8 31.Re4 Rcb5 32.Bc4 R5b6 33.Bb3 Nd7 34.f4 
Ra8 35.Rc4 Rab8 36.Rd1 R6b7 37.Rd6 Nf8 38.Rcd4 Ra8 39.Kh3 Rbb8 40.Rc6 Ra3 
41.Rd3 Ra7 42.Kg4 Rd7 43.Rdd6 Rdb7 44.Kf3 Nd7 45.Rc4 Nf8 46.Ke3 Ra7 47.Kd2
Ra1 48.Kc2 Rg1 49.Rd3 Rg2+ 50.Kb1 Rg1+ 51.Kb2 Rg2+ 52.Rc2 Rxc2+ 53.Bxc2 f6
54.Ba4 fxe5 55.fxe5 Rc8 56.Kb3 Rc5 57.Re3 Rd5 58.Bc6 Rd4 59.Be8 Kh7 60.Bb5
g5 61.hxg5 Rg4 62.Bc4 Rxg5 63.Kxb4 Nd7 64.Bxe6 Rxe5 65.Rxe5 Nxe5 66.Kc5 
Kg6 1/2-1/2

[Event "FIDE World Ch (w)"]
[Site "Ekaterinburg URS"]
[Date "2006.03.12"]
[Round "1.2"]
[White "Dembo, Yelena"]
[Black "Lujan, Carolina"]
[Result "0-1"]
[WhiteElo "2461"]
[BlackElo "2346"]
[EventDate "2006.03.11"]
[PlyCount "102"]

1.e4 c5 2.Nf3 d6 3.d4 cxd4 4.Nxd4 Nf6 5.Nc3 a6 6.Be2 e5 7.Nb3 Be7 8.Bg5 
Be6 9.Bxf6 Bxf6 10.Qd3 Bg5 11.g3 Nc6 12.h4 Bh6 13.Nd5 Rc8 14.c3 Ne7 15.g4 
Bxd5 16.exd5 Bf4 17.Nd2 Bxd2+ 18.Qxd2 Ng6 19.h5 Nf4 20.O-O-O Rc5 21.Bf3 h6
22.Kb1 Qg5 23.Qc2 b5 24.Qe4 a5 25.Rdg1 O-O 26.Bd1 b4 27.Bc2 Rfc8 28.Rd1 
bxc3 29.b3 Kf8 30.Rhe1 Rb8 31.Qh7 Ke7 32.Qe4 Rb4 33.Qh7 Rxd5 34.Qg8 Rxd1+ 
35.Rxd1 Rd4 36.Qc8 Rxd1+ 37.Bxd1 Ne6 38.Qxc3 Qf4 39.Qxa5 Qxf2 40.Qc3 Qf1 
41.Kc1 e4 42.a4 d5 43.b4 d4 44.Qc6 Qe1 45.a5 d3 46.Qc4 Qe3+ 47.Kb1 Qd2 48.
Bb3 e3 49.Qb5 e2 50.Qb7+ Kf6 51.Qf3+ Qf4 0-1

[Event "FIDE World Ch (w)"]
[Site "Ekaterinburg URS"]
[Date "2006.03.12"]
[Round "1.2"]
[White "Qin Kanying"]
[Black "Aketaeva, Dana"]
[Result "1/2-1/2"]
[WhiteElo "2469"]
[BlackElo "2330"]
[EventDate "2006.03.11"]
[PlyCount "177"]

1.e4 e5 2.Nf3 Nc6 3.Bc4 Bc5 4.c3 Nf6 5.d3 d6 6.Bb3 Bg4 7.Nbd2 Qe7 8.h3 Bh5
9.Nf1 Bg6 10.Ng3 Nh5 11.Nxh5 Bxh5 12.Be3 Bb6 13.Qe2 h6 14.O-O-O O-O-O 15.
Ba4 Nb8 16.Rhe1 Nd7 17.Bxb6 Nxb6 18.Bc2 Rhe8 19.Kb1 Kb8 20.g4 Bg6 21.d4 a6
22.d5 Rh8 23.h4 h5 24.g5 Qd7 25.Nd2 Rdf8 26.Rg1 f5 27.gxf6 Rxf6 28.Rg3 Be8
29.f3 Rf4 30.Rh1 g6 31.Rg5 Qe7 32.Qf2 Rhf8 33.Rgg1 R8f6 34.Qg3 Bb5 35.Qe1 
Nc4 36.Bd1 Nxd2+ 37.Qxd2 Be8 38.Rg5 Rf8 39.Qe3 Qd7 40.Be2 Qa4 41.Bd1 Qa5 
42.Rg2 R8f6 43.Be2 Bb5 44.Bd1 Bc4 45.b3 Bb5 46.Kb2 Be8 47.Be2 Qb6 48.Qxb6 
cxb6 49.b4 b5 50.Bd1 Kc7 51.Kc2 Rf8 52.Kd3 Kd7 53.Ke3 Ke7 54.Rc2 Bd7 55.c4
bxc4 56.Rxc4 Rc8 57.Rxc8 Bxc8 58.Be2 Bd7 59.Kf2 Kd8 60.Kg3 Kc7 61.Ra1 b5 
62.a3 Kb6 63.Rf1 a5 64.bxa5+ Kxa5 65.Rc1 Kb6 66.Rb1 Ka5 67.Rc1 Rf7 68.Rc3 
Kb6 69.Rb3 Ka5 70.Rc3 Be8 71.Rc8 Re7 72.Rd8 Bd7 73.Rb8 Rf7 74.Ra8+ Kb6 75.
Rg8 Rf6 76.Rb8+ Kc7 77.Rg8 Kb6 78.Rb8+ Kc7 79.Rg8 Kb7 80.Rg7 Kc8 81.Rg8+ 
Kc7 82.Rg7 Kd8 83.Rg8+ Kc7 84.Rg7 Kc8 85.Rg8+ Kc7 86.Rg7 Kd8 87.Rg8+ Kc7 
88.Rg7 Kd8 89.Rg8+ 1/2-1/2

[Event "FIDE World Ch (w)"]
[Site "Ekaterinburg URS"]
[Date "2006.03.12"]
[Round "1.2"]
[White "Kursova, Maria"]
[Black "Zhao Xue"]
[Result "1-0"]
[WhiteElo "2319"]
[BlackElo "2473"]
[EventDate "2006.03.11"]
[PlyCount "101"]

1.d4 d5 2.Nf3 e6 3.c4 Nf6 4.Nc3 Bb4 5.cxd5 exd5 6.Bg5 O-O 7.e3 c5 8.Bd3 c4
9.Bc2 Nbd7 10.O-O Qa5 11.Ne2 Re8 12.a3 Bf8 13.h3 b5 14.Bf4 Bb7 15.Ne5 Nxe5
16.Bxe5 Qb6 17.Nc3 Ne4 18.Qg4 f6 19.Bf4 Rad8 20.f3 Nxc3 21.bxc3 Qe6 22.Bf5
Qf7 23.Qg3 Bc6 24.Rfe1 Kh8 25.Bc7 Ra8 26.Bd6 g6 27.Bxf8 Qxf8 28.Qc7 gxf5 
29.Qxc6 Qf7 30.e4 dxe4 31.fxe4 Rac8 32.Qd5 Qxd5 33.exd5 Re4 34.Rxe4 fxe4 
35.Rf1 Kg7 36.Rf5 Re8 37.Kf2 e3+ 38.Ke2 a6 39.d6 Kf7 40.d7 Rg8 41.Rd5 Ke7 
42.Kxe3 Rd8 43.Ke4 Rxd7 44.Rxd7+ Kxd7 45.Kd5 f5 46.a4 bxa4 47.Kxc4 a5 48.
Kd3 Kc6 49.c4 a3 50.Kc2 a4 51.Kb1 1-0

[Event "FIDE World Ch (w)"]
[Site "Ekaterinburg URS"]
[Date "2006.03.12"]
[Round "1.2"]
[White "Cmilyte, Viktorija"]
[Black "Pourkashiyan, Atousa"]
[Result "1-0"]
[WhiteElo "2475"]
[BlackElo "2296"]
[EventDate "2006.03.11"]
[PlyCount "105"]

1.d4 d5 2.c4 e6 3.Nc3 Nf6 4.cxd5 exd5 5.Bg5 Be7 6.e3 c6 7.Qc2 Nbd7 8.Bd3 
O-O 9.Nf3 Re8 10.h3 Nf8 11.Bf4 Bd6 12.Bxd6 Qxd6 13.O-O-O b5 14.Kb1 a5 15.
Rhe1 Be6 16.Ne5 N6d7 17.Nxd7 Qxd7 18.f4 f6 19.Rc1 Qd6 20.f5 Bd7 21.Qd1 a4 
22.Qd2 Re7 23.Ne2 Rc8 24.Nf4 c5 25.dxc5 Rxc5 26.Rxc5 Qxc5 27.Bc2 Bc6 28.
Re2 b4 29.Qd4 Qxd4 30.exd4 Kf7 31.Rxe7+ Kxe7 32.Nd3 Bb5 33.Nxb4 Kd6 34.Bd3
Bd7 35.Kc2 g6 36.g4 gxf5 37.gxf5 Be8 38.Kc3 h6 39.Na6 Nh7 40.h4 Nf8 41.Nc5
Bh5 42.Nxa4 Nd7 43.b4 Bd1 44.Nb2 Bg4 45.a4 Kc7 46.a5 Bh5 47.b5 Be8 48.Kb4 
Nb8 49.Na4 h5 50.Nc5 Kc8 51.a6 Nd7 52.Nxd7 Bxd7 53.Kc5 1-0

[Event "FIDE World Ch (w)"]
[Site "Ekaterinburg URS"]
[Date "2006.03.12"]
[Round "1.2"]
[White "Kosintseva, Tatiana"]
[Black "Meenakshi, Subbaraman"]
[Result "1-0"]
[WhiteElo "2479"]
[BlackElo "2289"]
[EventDate "2006.03.11"]
[PlyCount "81"]

1.e4 g6 2.d4 Bg7 3.Nc3 d6 4.Be3 Nd7 5.Nf3 a6 6.a4 b6 7.Be2 Bb7 8.O-O e6 9.
h3 Ne7 10.Qc1 O-O 11.Bh6 c6 12.Bxg7 Kxg7 13.Qf4 Nf6 14.Rad1 b5 15.e5 Nfd5 
16.Nxd5 Nxd5 17.Qg3 Ne7 18.exd6 Nf5 19.Qe5+ f6 20.Qc5 Nxd6 21.Nd2 Rc8 22.
Bg4 Re8 23.Rfe1 Qd7 24.a5 Rc7 25.Nb3 Bc8 26.Qc3 Nb7 27.Re3 Qd6 28.Nc5 Nxc5
29.dxc5 Qf4 30.Rd6 e5 31.g3 Qg5 32.f4 Qh6 33.fxe5 f5 34.Bf3 Qxh3 35.Bxc6 
Rxc6 36.Rxc6 f4 37.e6+ Kh6 38.gxf4 Qg4+ 39.Rg3 Qd1+ 40.Kf2 Bxe6 41.Rxe6 
1-0

[Event "FIDE World Ch (w)"]
[Site "Ekaterinburg URS"]
[Date "2006.03.12"]
[Round "1.2"]
[White "Berezina-Feldman, Irina"]
[Black "Vijayalakshmi, Subbaraman"]
[Result "1/2-1/2"]
[WhiteElo "2285"]
[BlackElo "2479"]
[EventDate "2006.03.11"]
[PlyCount "49"]

1.d4 Nf6 2.Nf3 e6 3.Bg5 c5 4.e3 b6 5.Nbd2 h6 6.Bh4 Bb7 7.c3 Be7 8.Qb1 d5 
9.Bd3 Nbd7 10.O-O O-O 11.Ne5 Nxe5 12.dxe5 Nd7 13.Bxe7 Qxe7 14.f4 f5 15.
exf6 Rxf6 16.Bb5 Raf8 17.Qc2 Nb8 18.Nf3 c4 19.Qf2 Bc6 20.Bxc6 Nxc6 21.Qg3 
Qc5 22.Nd4 Nxd4 23.cxd4 Qd6 24.Qh4 Qe7 25.Rac1 1/2-1/2

[Event "FIDE World Ch (w)"]
[Site "Ekaterinburg URS"]
[Date "2006.03.12"]
[Round "1.2"]
[White "Ju Wenjun"]
[Black "Socko, Monika"]
[Result "1-0"]
[WhiteElo "2290"]
[BlackElo "2475"]
[EventDate "2006.03.11"]
[PlyCount "117"]

1.c4 g6 2.Nc3 Bg7 3.g3 Nf6 4.Bg2 d6 5.e4 O-O 6.Nge2 c5 7.O-O Nc6 8.d3 a6 
9.h3 Ne8 10.Be3 Bd7 11.a4 Nc7 12.d4 cxd4 13.Nxd4 Rc8 14.Nde2 Ne6 15.Rb1 a5
16.Nd5 Nc5 17.f4 Nb4 18.Nxb4 axb4 19.b3 f5 20.Bxc5 Rxc5 21.Kh2 fxe4 22.
Bxe4 Rh5 23.h4 Bg4 24.Bf3 Bxf3 25.Rxf3 e5 26.Qd5+ Kh8 27.Qxb7 Qe8 28.Rbf1 
Rhf5 29.fxe5 R8f7 30.Qd5 dxe5 31.Qe4 Qd7 32.Kg2 Rf8 33.Qd5 Qe7 34.Qe4 Qd7 
35.g4 Rxf3 36.Rxf3 Rd8 37.g5 Qc7 38.Rh3 Rg8 39.Rd3 Rf8 40.Qd5 Qe7 41.Qd7 
Qc5 42.Rf3 e4 43.Rxf8+ Qxf8 44.Qg4 Qa8 45.Ng3 Qd8 46.Qxe4 Bc3 47.Qd5 Qe7 
48.Ne4 Qf8 49.Nc5 h6 50.Ne6 Qf7 51.Qd8+ Kh7 52.Qc7 Kg8 53.Qxf7+ Kxf7 54.
Nf4 Be1 55.gxh6 Bxh4 56.h7 Bf6 57.a5 Bd4 58.a6 Kg7 59.Ne6+ 1-0

[Event "FIDE World Ch (w)"]
[Site "Ekaterinburg URS"]
[Date "2006.03.12"]
[Round "1.2"]
[White "Kosintseva, Nadezhda"]
[Black "Hou Yifan"]
[Result "1/2-1/2"]
[WhiteElo "2480"]
[BlackElo "2269"]
[EventDate "2006.03.11"]
[PlyCount "182"]

1.e4 c5 2.Nf3 d6 3.d4 cxd4 4.Nxd4 Nf6 5.Nc3 Nc6 6.Bg5 e6 7.Qd2 Be7 8.O-O-O
Nxd4 9.Qxd4 a6 10.f4 b5 11.Be2 Bb7 12.Bf3 Rc8 13.Bxf6 gxf6 14.f5 Qc7 15.
Kb1 Qc5 16.Qd3 Qc4 17.Qd2 h5 18.Rhe1 Kd7 19.Re3 Rc7 20.Ne2 Qc5 21.Nf4 Rhc8
22.Bxh5 e5 23.Rc3 Qb6 24.Rxc7+ Qxc7 25.Nd5 Bxd5 26.exd5 Ke8 27.Be2 Qc5 28.
h4 Bf8 29.Rc1 Ke7 30.Bf1 Bg7 31.g3 Rh8 32.Qa5 Rc8 33.Bd3 Qxd5 34.a4 Bh6 
35.Rd1 Qf3 36.Rf1 Qb7 37.g4 bxa4 38.Qxa6 Qxa6 39.Bxa6 Rg8 40.Be2 Be3 41.
Rd1 Rc8 42.h5 e4 43.Ba6 Ra8 44.Bb7 Rb8 45.Bxe4 Rb4 46.Bd5 Bd4 47.b3 axb3 
48.cxb3 Be5 49.Bc4 Kf8 50.Rd5 Rb7 51.Ra5 Kg7 52.Kc2 Bd4 53.Kd3 Ba7 54.b4 
Re7 55.Ra6 Bf2 56.Rxd6 Re3+ 57.Kc2 Be1 58.b5 Rc3+ 59.Kd1 Rxc4 60.Kxe1 Rxg4
61.b6 Rf4 62.Kd2 Rxf5 63.Kc3 Rxh5 64.Kc4 Rh1 65.Rd3 Rh8 66.Kb5 f5 67.Kc6 
Rc8+ 68.Kd7 Rc1 69.Rb3 Rd1+ 70.Kc7 Rc1+ 71.Kd6 Rd1+ 72.Ke5 Rd8 73.Kxf5 Kf8
74.Kf6 Rb8 75.Ke5 Ke7 76.Kd5 Kd7 77.Kc5 Rh8 78.Rd3+ Kc8 79.Rf3 Rh7 80.Kc6 
Rh1 81.Ra3 Rc1+ 82.Kb5 Rb1+ 83.Ka6 Kb8 84.Ra5 f6 85.Rc5 f5 86.Rxf5 Ra1+ 
87.Kb5 Rb1+ 88.Kc6 Rc1+ 89.Rc5 Rxc5+ 90.Kxc5 Kb7 91.Kb5 Kb8 1/2-1/2

[Event "FIDE World Ch (w)"]
[Site "Ekaterinburg URS"]
[Date "2006.03.12"]
[Round "1.2"]
[White "Hoang Xuan Thanh Khiet"]
[Black "Xu Yuhua"]
[Result "1/2-1/2"]
[WhiteElo "2195"]
[BlackElo "2502"]
[EventDate "2006.03.11"]
[PlyCount "37"]

1.e4 e6 2.d4 d5 3.exd5 exd5 4.c4 dxc4 5.Bxc4 Bd6 6.Nf3 Nf6 7.O-O O-O 8.Bg5
Nc6 9.Qd3 Bg4 10.Nbd2 Bh5 11.a3 Bg6 12.Qc3 h6 13.Bh4 Bf4 14.d5 Nxd5 15.
Bxd8 Nxc3 16.Bxc7 Bxc7 17.bxc3 Rfd8 18.Nb3 Rac8 19.Be2 1/2-1/2

[Event "FIDE World Ch (w)"]
[Site "Ekaterinburg URS"]
[Date "2006.03.12"]
[Round "1.2"]
[White "Sabure, Tuduetso"]
[Black "Humpy, Koneru"]
[Result "0-1"]
[WhiteElo "2072"]
[BlackElo "2537"]
[EventDate "2006.03.11"]
[PlyCount "68"]

1.e4 c5 2.Nf3 e6 3.d4 cxd4 4.Nxd4 a6 5.Bd3 Nf6 6.Qe2 d6 7.c4 Be7 8.O-O Qc7
9.Nc3 Nbd7 10.f4 O-O 11.Be3 Re8 12.Rae1 g6 13.Rf3 Nc5 14.h3 Nxd3 15.Qxd3 
Nd7 16.Qf1 b6 17.b3 b5 18.Kh1 Bf8 19.f5 Ne5 20.Rg3 bxc4 21.bxc4 Bd7 22.
fxg6 fxg6 23.Bf4 Bg7 24.Nf3 Rf8 25.Bc1 Nxf3 26.Rxf3 Bxc3 27.Ree3 Bg7 28.
Ba3 Rxf3 29.Rxf3 Bc6 30.Qd3 Be5 31.Rf1 Qb7 32.Re1 Rf8 33.Bxd6 Bxe4 34.Rxe4
Qxe4 0-1

[Event "FIDE World Ch (w)"]
[Site "Ekaterinburg URS"]
[Date "2006.03.12"]
[Round "1.2"]
[White "Cramling, Pia"]
[Black "Basta Sohair, Faridah"]
[Result "1-0"]
[WhiteElo "2515"]
[BlackElo "2083"]
[EventDate "2006.03.11"]
[PlyCount "46"]

1.d4 Nf6 2.Nf3 c5 3.d5 e6 4.c4 exd5 5.cxd5 d6 6.e4 g6 7.Bd3 Bg7 8.O-O O-O 
9.h3 Re8 10.Re1 Na6 11.Nc3 Nc7 12.a4 a6 13.Bf4 h6 14.Qd2 Kh7 15.Bh2 Rb8 
16.Qf4 Bf8 17.e5 dxe5 18.Nxe5 Kg7 19.Qxh6+ Kg8 20.Nxf7 Bxh6 21.Nxd8 Rxd8 
22.Bxc7 Bf5 23.Bxf5 gxf5 1-0

[Event "FIDE World Ch (w)"]
[Site "Ekaterinburg URS"]
[Date "2006.03.13"]
[Round "2.1"]
[White "Javakhishvili, Lela"]
[Black "Vijayalakshmi, Subbaraman"]
[Result "1-0"]
[WhiteElo "2444"]
[BlackElo "2479"]
[EventDate "2006.03.11"]
[PlyCount "107"]

1.d4 d6 2.Nf3 Bg4 3.e4 Nd7 4.h3 Bh5 5.Nc3 e5 6.Be3 Ngf6 7.Bd3 Be7 8.Ne2 d5
9.Nxe5 dxe4 10.Bc4 Bd6 11.g4 Bxe5 12.gxh5 Bd6 13.Ng3 Bxg3 14.fxg3 Nb6 15.
Bb3 Nbd5 16.Qe2 Qd6 17.g4 O-O-O 18.O-O-O h6 19.Kb1 Rhe8 20.c4 Nxe3 21.Qxe3
c6 22.Rhf1 Re7 23.Rf4 Kb8 24.h4 Rde8 25.Rd2 Ka8 26.Bd1 Qe6 27.Be2 Nd7 28.
d5 Qd6 29.Rd4 c5 30.Rd1 a6 31.Rdf1 f6 32.Rf5 Re5 33.g5 hxg5 34.hxg5 Rxf5 
35.Rxf5 fxg5 36.Rxg5 Re7 37.Qg3 Qxg3 38.Rxg3 Kb8 39.Kc2 Kc7 40.Kd2 Nf6 41.
Rg6 Ne8 42.a4 Nd6 43.b4 Rf7 44.bxc5 Nf5 45.Bg4 Nd4 46.Ke3 Nb3 47.c6 Na5 
48.cxb7 Nxc4+ 49.Kd4 Na5 50.Be6 Rf1 51.Rxg7+ Kb8 52.h6 Rh1 53.h7 Ka7 54.
b8=Q+ 1-0

[Event "FIDE World Ch (w)"]
[Site "Ekaterinburg URS"]
[Date "2006.03.14"]
[Round "2.2"]
[White "Vijayalakshmi, Subbaraman"]
[Black "Javakhishvili, Lela"]
[Result "1-0"]
[WhiteElo "2479"]
[BlackElo "2444"]
[EventDate "2006.03.11"]
[PlyCount "154"]

1.b3 c5 2.g3 d5 3.Bb2 Nc6 4.Bg2 e5 5.e3 Nf6 6.Ne2 Be7 7.O-O O-O 8.h3 Re8 
9.d3 Rb8 10.Kh2 Bf8 11.Nd2 b5 12.a3 Qd6 13.Rb1 Ba6 14.f4 Nd7 15.Rf2 d4 16.
Ne4 Qc7 17.fxe5 dxe3 18.Rxf7 Kxf7 19.Ng5+ Kg8 20.Bd5+ Kh8 21.Nf4 e2 22.
Qxe2 Ncxe5 23.Qh5 Nf6 24.Qh4 Nf3+ 25.Bxf3 Bb7 26.Bh5 Bd6 27.Nf7+ Kg8 28.
Nxd6 Qxd6 29.Bxe8 Rxe8 30.Bxf6 Qxf6 31.Qxf6 gxf6 32.a4 bxa4 33.bxa4 Bc6 
34.a5 Kf7 35.c3 Re5 36.c4 Ke7 37.Rf1 Kd7 38.h4 Kc7 39.Rb1 Bf3 40.Kg1 Bc6 
41.Kf2 Re8 42.Rb2 Bd7 43.Nd5+ Kc6 44.a6 Bg4 45.Rb7 Re2+ 46.Kg1 Re1+ 47.Kg2
Re2+ 48.Kf1 Ra2 49.Nf4 Rxa6 50.Rxh7 Ra1+ 51.Kf2 a5 52.Nd5 a4 53.Ra7 a3 54.
Nxf6 Bf5 55.Ne4 Bh3 56.Ra6+ Kc7 57.Nxc5 a2 58.Nb3 Rb1 59.Rxa2 Rxb3 60.Rd2 
Kd6 61.Kf3 Bf5 62.Ke3 Kc5 63.h5 Rb1 64.Kf4 Rf1+ 65.Kg5 Kd4 66.h6 Ke3 67.
Ra2 Kxd3 68.c5 Be4 69.g4 Rc1 70.Kf4 Rf1+ 71.Ke5 Re1 72.Ra3+ Kd2 73.g5 Bb1+
74.Kd6 Rg1 75.Ra1 Ke3 76.Rxb1 Rxb1 77.h7 Kd4 1-0

[Event "FIDE World Ch (w)"]
[Site "Ekaterinburg URS"]
[Date "2006.03.14"]
[Round "2.4"]
[White "Vijayalakshmi, Subbaraman"]
[Black "Javakhishvili, Lela"]
[Result "1-0"]
[WhiteElo "2479"]
[BlackElo "2444"]
[EventDate "2006.03.11"]
[PlyCount "77"]

1.c4 c5 2.g3 Nf6 3.Bg2 e6 4.Nc3 Be7 5.e4 d6 6.Nge2 O-O 7.O-O Nc6 8.d3 a6 
9.h3 Rb8 10.f4 Nd7 11.a4 Bf6 12.Kh2 Nd4 13.Nxd4 Bxd4 14.Ne2 Bf6 15.a5 Qc7 
16.Qc2 b5 17.axb6 Rxb6 18.Ra2 Qb8 19.Nc3 Qc7 20.Bd2 Nb8 21.e5 dxe5 22.Ne4 
Nc6 23.Nxf6+ gxf6 24.fxe5 fxe5 25.Bh6 f5 26.Bxf8 Nb4 27.Qe2 Nxa2 28.Bh6 
Nb4 29.Qh5 Qd8 30.g4 Nxd3 31.gxf5 exf5 32.Bd5+ Kh8 33.b3 Rg6 34.Rg1 Qd6 
35.Rxg6 Qxg6 36.Qh4 Qd6 37.Qg5 e4+ 38.Kh1 Nf2+ 39.Kg2 1-0